<?xml version="1.0" encoding="UTF-8"?>
<record
    xmlns:xsi="http://www.w3.org/2001/XMLSchema-instance"
    xsi:schemaLocation="http://www.loc.gov/MARC21/slim http://www.loc.gov/standards/marcxml/schema/MARC21slim.xsd"
    xmlns="http://www.loc.gov/MARC21/slim">

  <leader>01231nam a2200229 u 4500</leader>
  <controlfield tag="001">315657</controlfield>
  <controlfield tag="005">20260506082543.0</controlfield>
  <controlfield tag="008">981113s1962                        spa  </controlfield>
  <datafield tag="035" ind1=" " ind2=" ">
    <subfield code="a">315657</subfield>
  </datafield>
  <datafield tag="035" ind1=" " ind2=" ">
    <subfield code="a">(OCoLC)651223830</subfield>
  </datafield>
  <datafield tag="040" ind1=" " ind2=" ">
    <subfield code="c">comduadb</subfield>
  </datafield>
  <datafield tag="041" ind1=" " ind2=" ">
    <subfield code="a">spa</subfield>
  </datafield>
  <datafield tag="082" ind1=" " ind2="4">
    <subfield code="a">157</subfield>
  </datafield>
  <datafield tag="100" ind1="1" ind2="0">
    <subfield code="a">Coleman, Lester M.</subfield>
    <subfield code="4">aut</subfield>
    <subfield code="e">aut</subfield>
    <subfield code="9">290770</subfield>
  </datafield>
  <datafield tag="245" ind1="1" ind2="0">
    <subfield code="a">Liberaci&#xF3;n del miedo</subfield>
  </datafield>
  <datafield tag="260" ind1=" " ind2=" ">
    <subfield code="a">M&#xE9;xico :</subfield>
    <subfield code="b">Continental,</subfield>
    <subfield code="c">1962.</subfield>
  </datafield>
  <datafield tag="300" ind1=" " ind2=" ">
    <subfield code="a">302 p&#xE1;ginas</subfield>
  </datafield>
  <datafield tag="500" ind1=" " ind2=" ">
    <subfield code="a">CONTENIDO : Pr&#xF3;logo. -- Lo que este libro podr&#xE1; hacer por usted. -- Prefacio de la edici&#xF3;n revisada. -- 1: El miedo se halla en todas partes. -- 2: El miedo de los padres. -- 3: Las causas del miedo. -- 4: El miedo y la enfermedad. -- 5: Factores que multiplican el miedo. -- 6: El miedo y los m&#xE9;dicos. -- 7: El mundo del enfermo. -- 8: El contagio del miedo. -- 9: El miedo del ni&#xF1;o. -- 10: El miedo en la adolescencia. -- 11: El miedo al dolor. -- 12: El miedo a la ancianidad. -- 13: El costo del miedo. -- 14: La promesa del progreso. -- 115: C&#xF3;mo vencer sus propios miedos. -- 16: Liberaci&#xF3;n del miedo. -- 17: La edad de la angustia at&#xF3;mica.</subfield>
  </datafield>
  <datafield tag="650" ind1=" " ind2="7">
    <subfield code="a">Psicolog&#xED;a aplicada</subfield>
    <subfield code="2">lemb</subfield>
    <subfield code="9">43887</subfield>
  </datafield>
  <datafield tag="650" ind1=" " ind2="7">
    <subfield code="a">Emociones</subfield>
    <subfield code="2">lemb</subfield>
    <subfield code="9">43523</subfield>
  </datafield>
  <datafield tag="942" ind1=" " ind2=" ">
    <subfield code="c">BOOK</subfield>
  </datafield>
  <datafield tag="999" ind1=" " ind2=" ">
    <subfield code="c">103577</subfield>
    <subfield code="d">103577</subfield>
  </datafield>
  <datafield tag="952" ind1=" " ind2=" ">
    <subfield code="0">0</subfield>
    <subfield code="1">0</subfield>
    <subfield code="4">0</subfield>
    <subfield code="7">0</subfield>
    <subfield code="8">GEN</subfield>
    <subfield code="a">BC</subfield>
    <subfield code="b">BC</subfield>
    <subfield code="d">1998-11-13</subfield>
    <subfield code="i">C395435</subfield>
    <subfield code="l">0</subfield>
    <subfield code="o">157 C692L</subfield>
    <subfield code="p">61000001415153</subfield>
    <subfield code="r">2023-04-22 00:00:00</subfield>
    <subfield code="t">1</subfield>
    <subfield code="w">2023-04-22</subfield>
    <subfield code="y">BOOK</subfield>
  </datafield>
</record>
